UM Logo

The World book encyclopedia. (Record no. 6052)

MARC details
000 -LEADER
fixed length control field 00441nam a2200145 4500
008 - FIXED-LENGTH DATA ELEMENTS--GENERAL INFORMATION
fixed length control field 161216b xxu||||| |||| 00| 0 eng d
020 ## - INTERNATIONAL STANDARD BOOK NUMBER
International Standard Book Number 0195218183
082 ## - DEWEY DECIMAL CLASSIFICATION NUMBER
Edition number 2001
Classification number DRef 030
Item number W89
245 ## - TITLE STATEMENT
Title The World book encyclopedia.
260 ## - PUBLICATION, DISTRIBUTION, ETC. (IMPRINT)
Place of publication, distribution, etc. New York:
Name of publisher, distributor, etc. Oxford University Press,
Date of publication, distribution, etc. c2001.
300 ## - PHYSICAL DESCRIPTION
Extent 744 pages:
Other physical details color illustrations;
Dimensions 28 cm.
600 #0 - SUBJECT ADDED ENTRY--PERSONAL NAME
9 (RLIN) 18346
Personal name Encyclopedias and dictionaries
365 ## - TRADE PRICE
Price amount 3011.25
Currency code Php
942 ## - ADDED ENTRY ELEMENTS (KOHA)
Source of classification or shelving scheme Dewey Decimal Classification
Koha item type Reference
Holdings
Withdrawn status Lost status Source of classification or shelving scheme Damaged status Not for loan Collection code Home library Current library Date acquired Source of acquisition Total Checkouts Full call number Barcode Date last seen Price effective from Koha item type
    Dewey Decimal Classification     Reference UM Digos College - LIC UM Digos College - LIC 09/01/2004 Purchased   DRef 030 W89 2001 17651 05/15/2025 12/16/2016 Reference